000 00300nam a2200097Ia 4500
008 220120s9999||||xx |||||||||||||| ||und||
100 _aAshish Shankar and Champan
_912231
245 0 _aMobile campus
260 _aCoorg Institute of Technology
_bPonnampet
_c2010
650 _aELECTRONICS AND COMMUNICATIONS
999 _c137817
_d137817